00707nam a2200241 a 4500001001300000003000900013005001700022008004100039020002300080082001900103100001700122245003000139260003500169300000900204500003500213505001000248650002400258700001700282902000800299942000700307952013400314999001700448nice12345678IN_TiNIC20260116015335.0091110s2005 newa grp 000 0 eng  a1932099743 c57500a303.62597bCAP aCapan, Ergun aTerror and Suicideattacks aNew Jersey, USA bLight c2005 a155p aincludes index and biblioraphy2 aindex aTerrorism and Islam1 aCapan, Ergun bSRS cBK 001040708StackRoom-aHMIbHMId2009-11-10g575.00l1o303.62597 CAPp11001726r2018-02-16s2018-02-02v575.00w2009-11-10yBK c19294d19294